Memorias de la Real Academia de Ciencias (Record no. 173673)

MARC details
000 -LEADER
campo de control de longitud fija 01094nam a2200229 i 4500
001 - NÚMERO DE CONTROL
campo de control 173673
003 - IDENTIFICADOR DE NÚMERO DE CONTROL
campo de control ES-MaACL
005 - FECHA Y HORA DE LA ÚLTIMA TRANSACCIÓN
campo de control 20240423175152.0
007 - CAMPO FIJO DE DESCRIPCIÓN FÍSICA--INFORMACIÓN GENERAL
campo de control de longitud fija t|
008 - DATOS DE LONGITUD FIJA--INFORMACIÓN GENERAL
campo de control de longitud fija 091229s18781879sp |||| | spa d
110 2# - ENTRADA PRINCIPAL--NOMBRE DE ENTIDAD CORPORATIVA
Nombre de entidad corporativa o nombre de jurisdicción como elemento de entrada Real Academia de Ciencias Exactas, Físicas y Naturales de España.
9 (RLIN) 175635
245 10 - MENCIÓN DEL TÍTULO
Título Memorias de la Real Academia de Ciencias
Fechas predominantes 1878-1879.
260 ## - PUBLICACIÓN, DISTRIBUCIÓN, ETC.
Lugar de publicación, distribución, etc. Madrid :
Nombre del editor, distribuidor, etc. [s.n.],
Fecha de publicación, distribución, etc. 1878 (Imp. de la Viuda de Aguado e Hijos)
300 ## - DESCRIPCIÓN FÍSICA
Extensión v. ;
Dimensiones 28 cm.
505 8# - NOTA DE CONTENIDO CON FORMATO
Nota de contenido con formato Contiene: T. VIII ;
Título Estudiar los alimentos que consume la clase labradora y los braceros en algunas de las provincias de España, comprendiendo este estudio el de todos los alimentos consumidos bajo el punto de vista de su "equivalente alimenticio" /
Mención de responsabilidad Manuel Sáez Díez (316 p.). --
Título Estudios sobre el tanino /
Mención de responsabilidad Carlos Castel (154 p.).
650 #4 - PUNTO DE ACCESO ADICIONAL DE MATERIA--TÉRMINO DE MATERIA
Término de materia o nombre geográfico como elemento de entrada Alimentación-
Subdivisión geográfica España-
Subdivisión de forma Historia.
9 (RLIN) 161013
650 04 - PUNTO DE ACCESO ADICIONAL DE MATERIA--TÉRMINO DE MATERIA
Término de materia o nombre geográfico como elemento de entrada Taninos.
9 (RLIN) 17280
700 1# - ENTRADA AGREGADA--NOMBRE PERSONAL
Nombre de persona Sáez Díez, Manuel.
9 (RLIN) 141865
700 1# - ENTRADA AGREGADA--NOMBRE PERSONAL
Nombre de persona Castel y Clemente, Carlos,
Fechas asociadas al nombre 1845-1903
9 (RLIN) 36472
852 ## - LOCALIZACIÓN
Ubicación ES-MaACL
Número de control de estantería K-223
Holdings
Estatus retirado Estado de pérdida Estado de daño No para préstamo Colección Biblioteca de origen Biblioteca actual Ubicación en estantería Fecha de adquisición Total de préstamos Signatura topográfica completa Código de barras Visto por última vez Precio de reemplazo Tipo de ítem Koha
        Libros del s. XIX Biblioteca del Ateneo de Madrid Biblioteca del Ateneo de Madrid Administración 29/12/2009   K-223 1182251 23/02/2023 23/02/2023 Libro impreso antiguo